Permanecer en el amor: una visión teológica del matrimonio y la familia
Guardat en:
| Autor principal: | |
|---|---|
| Format: | Llibre |
| Idioma: | espanyol |
| Publicat: |
Madrid
Biblioteca de Autores Cristianos
2015
|
| Edició: | 1a. ed |
| Col·lecció: | Estudios y Ensayos. Teología, 182
|
| Matèries: | |
| Etiquetes: |
Afegir etiqueta
Sense etiquetes, Sigues el primer a etiquetar aquest registre!
|
MARC
| LEADER | 00000cam a2200000 a 4500 | ||
|---|---|---|---|
| 001 | UCC3385 | ||
| 003 | CL-VaPUC | ||
| 008 | 180504e20150000sp |||||||||||||||||spa|d | ||
| 020 | |a 9788422018391 | ||
| 082 | 0 | 4 | |a 259 |b RAT |2 21 |
| 100 | |a Ratzinger, Joseph, |c Papa |e autor |9 494399 | ||
| 245 | 1 | 0 | |a Permanecer en el amor: una visión teológica del matrimonio y la familia |
| 250 | |a 1a. ed | ||
| 300 | |a 116 p | ||
| 942 | |c BK | ||
| 945 | |d 20180504 14:32:00 |a arojas | ||
| 260 | |a Madrid |b Biblioteca de Autores Cristianos |c 2015 | ||
| 600 | 0 | 7 | |a BENEDICTO XVI |2 CL-VaPUC |9 494398 |
| 650 | 7 | |a PASTORAL FAMILIAR |2 CL-VaPUC |9 526060 | |
| 650 | 7 | |a TEOLOGIA DE LA FAMILIA |2 CL-VaPUC |9 558402 | |
| 583 | |a last modification |c 20180504 14:32:00 |k Rodrigo Vera | ||
| 490 | 0 | |a Estudios y Ensayos. Teología, 182 | |
| 999 | |c 371116 |d 371114 | ||
| 952 | |0 0 |1 0 |3 erb |4 0 |6 259_000000000000000_RAT_2015 |7 0 |8 A |9 488002 |a BIBTEO |b BIBTEO |i 5468213 |o 259 RAT 2015 |p 5468213 |r 2025-01-17 |w 2019-11-24 |y BK |z Catalogado en:20180504 |k ICR | ||